000 01348cam a22003017a 4500
999 _c332527
_d332527
001 16334251
003 NUST
005 20171212100034.0
008 100715s2010 iluab j e 001 0 eng d
010 _a 2009904642
020 _a9781615353217
020 _a1615353216
035 _a(OCoLC)ocn505926020
040 _aIMF
_cIMF
_dBTCTA
_dIK2
_dDLC
042 _alccopycat
050 0 0 _aAG5
_b.B84 2010
082 _a031 ENC
245 0 0 _aBritannica student encyclopedia.(Set,1-16)
260 _aChicago :
_bEncyclopaedia Britannica,
_cc2010.
300 _a16 v. :
_bill. (some col.), col. maps ;
_c27 cm.
500 _aH.B
505 0 _av. 1. A -- v. 2. B -- v. 3. C -- v. 4. D-E -- v. 5. F-G -- v. 6. H-I -- v. 7. J-K-L -- v. 8. M -- v. 9. N-O -- v. 10. P -- v. 11. Q-R -- v. 12. S -- v. 13. T -- v. 14. U-V -- v. 15. W-X-Y-Z -- [v. 16.] Index.
521 _aGrades 2-12; ages 7-18.
650 0 _aChildren's encyclopedias and dictionaries.
_97168
650 0 _aEnglish language
_vEncyclopedias.
_97169
650 1 _aEncyclopedias and dictionaries.
_97170
730 0 _aEncyclopaedia Britannica.
_97171
906 _a7
_bcbc
_ccopycat
_d2
_eepcn
_f20
_gy-gencatlg
942 _2ddc
_cENC
_kIESE